Administración de recursos humanos

Guardat en:
Dades bibliogràfiques
Autors principals: Sherman, Arthur W (Autor), Bohlander, George W (Autor), Snell, Scott (Autor)
Format: Llibre
Idioma:espanyol
Publicat: Ciudad de México International Thomson 1999
Matèries:
Etiquetes: Afegir etiqueta
Sense etiquetes, Sigues el primer a etiquetar aquest registre!

MARC

LEADER 00000nam a2200000 a 4500
001 UCO8366
003 CL-VaPUC
008 001201e19990000MX |||||||||||||||||spa|d
082 0 4 |a 658.3  |b SHE  |2 21 
100 0 |a Sherman, Arthur W  |e author  |9 453253 
700 |a Bohlander, George W  |e author  |9 345199 
700 0 |a Snell, Scott  |e author  |9 453255 
245 1 0 |a Administración de recursos humanos 
300 |a 674 p 
942 |c BK 
945 |d 20001201 00:00:00  |a vberengu 
260 |a Ciudad de México  |b International Thomson  |c 1999 
650 0 |a Administración del personal  |9 260442 
650 0 |a Condiciones de trabajo   |9 359118 
650 7 |a DESARROLLO DE LOS RECURSOS HUMANOS  |2 CL-VaPUC  |9 362807 
650 7 |a PERSONAL  |2 CL-VaPUC  |9 343747 
650 0 |a Recursos humanos   |9 228420 
650 7 |a MANO DE OBRA  |2 CL-VaPUC  |9 315053 
583 |a last modification  |c 20001201 00:00:00  |k Rodrigo Vera 
999 |c 293034  |d 293032